| 000 | 01092cam a2200325Mi 4500 | ||
|---|---|---|---|
| 999 |
_c70410 _d70410 |
||
| 003 | BJBSDDR | ||
| 005 | 20230410124054.0 | ||
| 007 | ta | ||
| 008 | 080121s2007 fr 000 0 fre d | ||
| 020 | _a9782110068620 | ||
| 020 | _a2110068620 | ||
| 029 | 0 |
_aTZT _bJTL00217331 |
|
| 035 | _a(OCoLC)ocn191143286 | ||
| 035 | _a(OCoLC)191143286 | ||
| 040 |
_aTZT _cTZT _bspa |
||
| 041 | _aspa | ||
| 049 | _aGRAL | ||
| 050 | 0 | 0 |
_aLC 148 _bA117 2007 |
| 082 | 0 | 0 |
_a378.44 _21 |
| 245 | 0 | 2 |
_aL'abandon des études supérieures : _bRapport réalisé pour l'observatoire national de la vie étudiante, mai 2007 / _c[rédigé par] Nathalie Beaupáere, Lucile Chalumeau, Nicolas Gury... [et al.] ; préface de Louis Gruel. |
| 260 |
_aParis : _bDocumentation francaise, _c2007. |
||
| 300 | _a162 p. | ||
| 440 | 0 | _aPanorama des savoirs | |
| 650 | 6 |
_aAbandon des études (Enseignement supérieur) _zFrance. |
|
| 650 | 0 |
_aCollege dropouts _zFrance. |
|
| 650 | 0 |
_aEducation, Higher _zFrance. |
|
| 653 |
_aSociology _aHigher education _aStudents _aOfficial report |
||
| 942 |
_2lcc _cBK |
||
| 946 | _ardc | ||